| 000 | 05999nam a22005057a 4500 | ||
|---|---|---|---|
| 005 | 20100811112054.0 | ||
| 010 | _aHIN-90274 B-437910-928 | ||
| 020 |
_c150.00 _a9788128824265 |
||
| 035 | _aHN-62620 | ||
| 035 | _aB-437910-928 | ||
| 037 | _bDBAD / PUB | ||
| 037 | _bएलाईड पब्लिशर्स | ||
| 082 | _a649.1 | ||
| 100 |
_aवैद, सुनील _929294 |
||
| 245 |
_aअपनी संतान को चांटा मारना सीखें: _cसुनील वैद _bताकि वो दुनिया से चांटा न खाए / |
||
| 246 |
_aApni Santan Ko Chanta Marna Sikhein _bby Sunil Vaid |
||
| 260 |
_aनई दिल्ली _bडायमंड पॉकेट बुक्स _c2010 |
||
| 270 |
_aएक्स-30, ओखला इंडस्ट्रियल एरिया, फोज-II _bनई दिल्ली _e110020 _l011-41611866 _msales@dpb.in _k011-41611861, 40712100 |
||
| 300 |
_a288पृ _c22सेमी (अजिल्द) _bसचित्र |
||
| 700 | _97228 | ||
| 700 | _97267 | ||
| 700 | _97698 | ||
| 942 |
_adpl _cHN _k _2ddc _mवैदसु _h649.1 |
||
| 999 |
_c40871 _d40871 |
||